|
|
|
|
| LEADER |
01123nam a2200265 a 4500 |
| 001 |
2283364 |
| 008 |
090617s1980 ilua b 001 0 eng d |
| 010 |
|
|
|a 79089951
|
| 020 |
|
|
|a 0256023263
|
| 040 |
|
|
|a DLC
|c DLC
|d DLC
|
| 082 |
0 |
0 |
|a 658.1/511
|2 19
|
| 100 |
1 |
|
|a Anthony, Robert N.
|q (Robert Newton),
|d 1916-2006.
|
| 245 |
1 |
0 |
|a Management control in nonprofit organizations /
|c Robert N. Anthony, Regina E. Herzlinger.
|
| 250 |
|
|
|a Rev. ed.
|
| 260 |
|
|
|a Homewood, Ill. :
|b R. D. Irwin ;
|a Georgetown, Ont. :
|b Irwin-Dorsey,
|c 1980.
|
| 300 |
|
|
|a xv, 600 p. :
|b ill. ;
|c 24 cm.
|
| 490 |
0 |
|
|a The Willard J. Graham series in accounting
|
| 504 |
|
|
|a Includes bibliographical references and index.
|
| 541 |
1 |
|
|e 00002330
|
| 650 |
|
0 |
|a Nonprofit organizations
|x Accounting.
|
| 650 |
|
0 |
|a Managerial accounting.
|
| 700 |
1 |
|
|a Herzlinger, Regina E.,
|e joint author.
|
| 852 |
4 |
|
|a Ayesha Abed Library
|j General Shelf.
|
| 999 |
|
|
|c 1714
|d 1714
|
| 952 |
|
|
|0 0
|1 0
|2 ddc
|4 0
|6 658_151100000000000_ANT
|7 0
|9 1570
|a BRACUL
|b BRACUL
|c GEN
|d 2009-06-28
|g 0.00
|l 0
|o 658.1511 ANT
|p 3010002330
|r 2009-06-28
|t 1
|w 2009-06-28
|y BK
|x No price found in the accession register.
|